书目信息 |
| 题名: |
建筑快速识图及实例解读
|
|
| 作者: | 张根凤 编著 | |
| 分册: | ||
| 出版信息: | 北京 中国电力出版社 2013 |
|
| 页数: | 184页 | |
| 开本: | 26cm | |
| 丛书名: | ||
| 单 册: | ||
| 中图分类: | TU204.21 | |
| 科图分类: | ||
| 主题词: | 建筑制图--识图 , 建筑制图 , 识图 | |
| 电子资源: | ||
| ISBN: | 978-7-5123-2407-7 | |
| 000 | 00765nam0 2200241 450 | |
| 001 | 141777 | |
| 005 | 20141111132935.76 | |
| 010 | @a978-7-5123-2407-7@dCNY 32.00 | |
| 100 | @a20131031d2013 em y0chiy50 ea | |
| 101 | 0 | @achi |
| 102 | @aCN@b110000 | |
| 105 | @aa z 000yy | |
| 200 | 1 | @a建筑快速识图及实例解读@9jian zhu kuai su shi tu ji shi li jie du@b专著@f张根凤编著 |
| 210 | @a北京@c中国电力出版社@d2013 | |
| 215 | @a184页@d26cm | |
| 330 | @a本书分为4章,主要内容包括建筑工程制图和房屋构造基本知识、房屋建筑施工图的识读和案例解读等。 | |
| 606 | 0 | @a建筑制图@x识图 |
| 606 | 0 | @a建筑制图 |
| 606 | 0 | @a识图 |
| 690 | @aTU204.21@v5 | |
| 701 | 0 | @a张根凤@9zhang gen feng@c(女,@f1967~)@4编著 |
| 801 | 0 | @aCN@bZL@c20141111 |
| 905 | @a241430@dTU204.21@eZ100 | |
| 建筑快速识图及实例解读/张根凤编著.-北京:中国电力出版社,2013 |
| 184页;26cm |
| ISBN 978-7-5123-2407-7:CNY 32.00 |
| 本书分为4章,主要内容包括建筑工程制图和房屋构造基本知识、房屋建筑施工图的识读和案例解读等。 |
| ● |
| 相关链接 |
|
|
|
正题名:建筑快速识图及实例解读
索取号:TU204.21/Z100
 
预约/预借
| 序号 | 登录号 | 条形码 | 馆藏地/架位号 | 状态 | 备注 |
| 1 | 0838947 | 208389475 | 建筑库101/101建筑库 39排6列1层/ [索取号:TU204.21/Z100] | 在馆 | |
| 2 | 0838948 | 208389484 | 建筑库101/101建筑库 39排6列1层/ [索取号:TU204.21/Z100] | 在馆 | |
| 3 | 0838949 | 208389493 | 建筑库101/101建筑库 39排6列1层/ [索取号:TU204.21/Z100] | 在馆 |